000 00945cam a2200313 a 4500
001 2148
005 20250221100625.0
020 _a9780061554186
020 _a9780061554162
040 _aDLC
_cDLC
_dDLC
_beng
050 0 0 _aPZ7.G9846
082 0 0 _a813.54
100 1 _aGutman, Dan
245 1 0 _aMrs. Lizzy is dizzy! /
_cDan Gutman ; pictures by Jim Paillot.
260 _aNew York :
_bHarper,
_c2010.
300 _a92 pages :
_billustrations
_c20 cm
490 0 _aMy weird school daze ;
_v9
505 _aM
520 _aElla Mentry School's newest teacher, Mrs. Lizzy, has some very strange ideas about learning during recess.
521 _a610
_bLexile
521 _aM
_bRaz-Plus
650 1 _aSchools
_vFiction.
650 1 _aTeachers
_vFiction.
650 1 _aRecess
_vFiction.
650 1 _aHumorous stories.
700 1 _aPaillot, Jim
_eillustrator
906 _a7
_bcbc
_corignew
_d1
_eecip
_f20
_gy-gencatlg
942 _2ddc
_cBK
_n0
999 _c2148
_d2148